[Event "Ch England (team) 2008/09"]
[Site "masterchessopen.com - England"]
[Date "2008.10.05"]
[Round "2"]
[White "Morrison Graham (RSA)"]
[Black "Rudd Jack (ENG)"]
[Result "1-0"]
[WhiteElo "2149"]
[BlackElo "2344"]

1.d4 Nf6 2.c4 c5 3.d5 e6 4.Nc3 exd5 5.cxd5 d6 6.Nf3 g6 7.g3 Bg7 8.Bg2 O-O
9.O-O Re8 10.Bf4 Ne4 11.Nxe4 Rxe4 12.Nd2 Rb4 13.b3 a5 14.a3 Rb6 15.Rb1 a4
16.Nc4 Rba6 17.b4 b5 18.Nd2 c4 19.Qc2 Nd7 20.Nf3 Bb7 21.Rbd1 Qb6 22.Be3 Qc7
23.Nd4 Rb6 24.Nf3 c3 25.Bd4 Rc8 26.Bxg7 Kxg7 27.Nd4 Qc4 28.e4 Ne5 29.f4 Ng4
30.Rfe1 Ba6 31.h3 Nh6 32.g4 f6 33.Bf1 {#r} 1-0

[Event "Verbandsliga Muensterland 2008/09"]
[Site "masterchessopen.com - Germany"]
[Date "2008.11.08"]
[Round "3"]
[White "Tenhuendfeld Bernd"]
[Black "Engelkamp Stephan"]
[Result "0-1"]
[WhiteElo "1787"]
[BlackElo "1847"]

1.d4 Nf6 2.c4 c5 3.d5 e6 4.Nc3 exd5 5.cxd5 d6 6.Nf3 g6 7.g3 Bg7 8.Bg2 O-O
9.O-O a6 10.a4 Nbd7 11.Bg5 Re8 12.Nd2 Qc7 13.Nc4 Nb6 14.Qb3 Nxc4 15.Qxc4 Bd7
16.Qh4 Ng4 17.h3 h6 18.hxg4 hxg5 19.Qxg5 b5 20.axb5 axb5 21.Qd2 b4 22.Ne4 Bxg4
23.e3 Qb6 24.Qc1 Be2 25.Re1 Bd3 26.Nd2 Rxa1 27.Qxa1 c4 28.Bf1 Bxf1 29.Rxf1 c3
30.Nc4 Qc5 31.Qa4 Rb8 32.b3 Qxd5 33.Qd7 c2 34.Qg4 Qd3 {#R} 0-1

[Event "Extraliga 2008/09"]
[Site "masterchessopen.com - Czech Republic"]
[Date "2008.11.09"]
[Round "2"]
[White "Jirka Jiri (CZE)"]
[Black "Dydyshko Viacheslav (BLR)"]
[Result "0-1"]
[WhiteElo "2448"]
[BlackElo "2584"]

1.d4 Nf6 2.c4 e6 3.g3 c5 4.d5 exd5 5.cxd5 d6 6.Nc3 g6 7.Bg2 Bg7 8.Nf3 O-O
9.O-O Re8 10.Nd2 b6 11.a4 Nbd7 12.h3 Qe7 13.Nb5 Ba6 14.e4 Ne5 15.Ra3 Bxb5
16.axb5 c4 17.f4 Nd3 18.Nxc4 Nxc1 19.e5 dxe5 20.d6 Qe6 21.Bxa8 Qxc4 22.fxe5
Ne2+ 23.Kh2 Rxe5 24.Rd3 Nd7 25.Bf3 Nxg3 26.Kxg3 Rg5+ 27.Kh2 Be5+ 28.Kh1 Rg3
29.Qe2 Rxh3+ 30.Kg1 Rg3+ 31.Kf2 Qh4 32.Qe3 Rg2+ {#R} 0-1

[Event "Memorial Baharov (open)"]
[Site "masterchessopen.com - Sofia (Bulgaria)"]
[Date "2008.11.11"]
[Round "4"]
[White "Ivanov Borislav (BUL)"]
[Black "Mitrev Kiril (BUL)"]
[Result "1-0"]
[WhiteElo "1926"]
[BlackElo "2103"]

1.d4 Nf6 2.c4 e6 3.g3 c5 4.d5 exd5 5.cxd5 d6 6.Nc3 g6 7.Nf3 Bg7 8.Bg2 O-O
9.O-O a6 10.a4 Bg4 11.Qc2 Re8 12.h3 Bc8 13.Bf4 Bf8 14.e4 Nbd7 15.Rfe1 Nh5
16.Be3 Rb8 17.a5 b5 18.axb6 Nxb6 19.g4 Ng7 20.Kh2 Be7 21.Bf4 {#r} 1-0

[Event "Ch City (open)"]
[Site "masterchessopen.com - Vladivostok (Russia)"]
[Date "2008.11.25"]
[Round "1"]
[White "Vilchenko Maxim (RUS)"]
[Black "Sek Konstantin (RUS)"]
[Result "1-0"]
[WhiteElo "2206"]
[BlackElo "2408"]

1.d4 Nf6 2.c4 c5 3.d5 e6 4.Nc3 exd5 5.cxd5 d6 6.Nf3 g6 7.g3 Bg7 8.Bg2 O-O
9.O-O Na6 10.Nd2 Nc7 11.Nc4 b5 12.Nxd6 Qxd6 13.Bf4 Qb6 14.d6 Bb7 15.dxc7 Bxg2
16.Kxg2 Qc6+ 17.e4 b4 18.Nd5 Rfe8 19.Nxf6+ Qxf6 20.Qd5 Qe7 21.Rac1 Rac8
22.Rxc5 Bxb2 23.Rd1 Bf6 24.f3 g5 25.Bxg5 Kh8 26.Bxf6+ Qxf6 27.Qd4 {#r} 1-0

[Event "Oberliga East B 2008/09"]
[Site "masterchessopen.com - Germany"]
[Date "2008.11.30"]
[Round "3"]
[White "Nogly Christoph (GER)"]
[Black "Tazbir Marcin (POL)"]
[Result "0-1"]
[WhiteElo "2279"]
[BlackElo "2482"]

1.d4 Nf6 2.c4 e6 3.g3 c5 4.d5 exd5 5.cxd5 d6 6.Nc3 g6 7.Bg2 Bg7 8.Nf3 O-O
9.O-O a6 10.a4 Qc7 11.Bf4 Nbd7 12.Rc1 Nh5 13.Be3 Re8 14.Qd2 Qb8 15.Qd3 Ndf6
16.h3 Bf5 17.Qd2 Ne4 18.Nxe4 Bxe4 19.b4 b6 20.Ne1 Nf6 21.f3 Bxd5 22.Bf4 Re6
23.bxc5 bxc5 24.e4 Bc6 25.Kh2 Qf8 26.h4 Nh5 27.Nd3 Bxa4 28.Bh3 Ree8 29.Be3 Bb5
30.Rfd1 Qe7 31.Nf4 Nxf4 32.Bxf4 Bd4 33.Qa2 Qf6 34.Kg2 Rab8 35.Qd5 Rb6 36.Rb1
Reb8 {#R} 0-1

[Event "Cup Asian Club"]
[Site "masterchessopen.com - Al Ain (United Arab Emirates)"]
[Date "2008.12.27"]
[Round "3"]
[White "Amir Karim (PAK)"]
[Black "Mehdi Samer (IRI)"]
[Result "1-0"]
[WhiteElo "2265"]
[BlackElo "2153"]

1.d4 Nf6 2.c4 c5 3.d5 e6 4.Nc3 exd5 5.cxd5 d6 6.Nf3 g6 7.g3 Bg7 8.Bg2 O-O
9.O-O Na6 10.h3 Rb8 11.e4 Re8 12.Re1 Nc7 13.a4 a6 14.a5 b5 15.axb6 Rxb6 16.e5
dxe5 17.Nxe5 Bb7 18.Nc6 Bxc6 19.dxc6 Qxd1 20.Rxd1 Ne6 21.Be3 Rxb2 22.Rxa6 Ng4
23.hxg4 Bxc3 24.Ra7 Bd4 25.Bd5 Bxe3 26.fxe3 Ng5 27.Bg2 c4 28.Rc1 Rb4 29.Rb7
Ra4 30.c7 Ne6 31.Bc6 Raa8 32.Bxe8 Rxe8 33.Rxc4 {#r} 1-0

[Event "Cup Rector (cat.6)"]
[Site "masterchessopen.com - Belgorod (Russia)"]
[Date "2009.03.09"]
[Round "1"]
[White "Rozanov Pavel B (RUS)"]
[Black "Gabrielian Artur (RUS)"]
[Result "0-1"]
[WhiteElo "2308"]
[BlackElo "2493"]

1.d4 Nf6 2.c4 c5 3.d5 e6 4.Nc3 exd5 5.cxd5 d6 6.Nf3 g6 7.g3 Bg7 8.Bg2 O-O
9.O-O a6 10.a4 Nbd7 11.Bf4 Qc7 12.Rc1 Re8 13.b4 h6 14.h3 g5 15.Bd2 Rb8 16.Qb3
b5 17.axb5 axb5 18.e4 cxb4 19.Qxb4 Nc5 20.e5 Nd3 21.Qd4 Nxc1 22.exf6 Nb3
23.Qb4 Nxd2 24.fxg7 Nxf1 25.Bxf1 Qc5 26.Qb2 b4 27.Ne4 Rxe4 28.Qf6 Qc3 29.Qxd6
Kxg7 30.Qxb8 b3 {#R} 0-1

[Event "It (cat.8)"]
[Site "masterchessopen.com - Budapest (Hungary)"]
[Date "2009.03.12"]
[Round "6"]
[White "Ilincic Zlatko (SRB)"]
[Black "Rapport Richard (HUN)"]
[Result "1-0"]
[WhiteElo "2479"]
[BlackElo "2401"]

1.d4 Nf6 2.c4 e6 3.Nf3 c5 4.d5 d6 5.Nc3 exd5 6.cxd5 g6 7.g3 Bg7 8.Bg2 O-O
9.O-O Na6 10.Nd2 Nc7 11.a4 b6 12.h3 Nd7 13.Nce4 Ne8 14.Nc4 Ndf6 15.Bg5 Ba6
16.Bxf6 Bxf6 17.Nxf6+ Nxf6 18.b3 Bb7 19.e4 a6 20.Qd2 b5 21.Na5 Qb6 22.Kh2 Rae8
23.Rfe1 Nd7 24.f4 f6 25.h4 Rf7 26.Nc6 b4 27.a5 Qc7 28.Rad1 Kg7 29.h5 Rff8
30.e5 fxe5 31.fxe5 Rxe5 32.Nxe5 dxe5 33.d6 Qc8 34.h6+ Kh8 35.Bxb7 Qxb7 36.Rf1
Kg8 37.Rxf8+ Kxf8 38.Qg5 {#r} 1-0

[Event "Ch Russia (club) (w)"]
[Site "masterchessopen.com - Dagomys (Russia)"]
[Date "2009.04.05"]
[Round "4"]
[White "Vasilevich Tatjana (UKR)"]
[Black "Gunina Valentina (RUS)"]
[Result "1-0"]
[WhiteElo "2420"]
[BlackElo "2437"]

1.d4 Nf6 2.c4 e6 3.g3 c5 4.d5 exd5 5.cxd5 d6 6.Nc3 g6 7.Bg2 Bg7 8.Nf3 O-O
9.O-O Re8 10.Nd2 Bg4 11.h3 Bd7 12.Nc4 Bf8 13.a4 Na6 14.e4 Nb4 15.f4 a6 16.e5
b5 17.axb5 Bxb5 18.Nxb5 axb5 19.Rxa8 Qxa8 20.Ne3 Nh5 21.g4 Ng3 22.Rf2 Qa1
23.Kh2 dxe5 24.Nc2 Qb1 25.Nxb4 exf4 26.Qc2 Qxc2 27.Nxc2 g5 28.b4 Bd6 29.Bf3
Ra8 30.Kg2 f5 31.gxf5 Nxf5 32.Bg4 Nh4+ 33.Kf1 Ng6 34.Bb2 Ra2 35.Na3 cxb4
36.Nxb5 Bc5 37.Be6+ Kf8 38.Bg7+ {#r} 1-0

[Event "It (open)"]
[Site "masterchessopen.com - Las Palmas (Spain)"]
[Date "2009.04.06"]
[Round "2"]
[White "Rodriguez Melian Jose Luis (ESP)"]
[Black "Campos Toledo Cristian (ESP)"]
[Result "1-0"]
[WhiteElo "2114"]
[BlackElo "1496"]

1.d4 Nf6 2.c4 c5 3.d5 e6 4.Nc3 exd5 5.cxd5 d6 6.g3 g6 7.Bg2 Bg7 8.Nf3 O-O
9.O-O Bf5 10.Nd2 a6 11.a4 Nbd7 12.e4 Bg4 13.f3 Bh5 14.g4 Bxg4 15.fxg4 Ne5
16.h3 Nfd7 17.Nf3 Nxf3+ 18.Qxf3 Ne5 19.Qe2 c4 20.Be3 Rc8 21.Qd2 Nd3 22.a5 Qh4
23.Bg5 Bd4+ 24.Kh1 Nf2+ 25.Rxf2 Qxf2 26.Qxf2 Bxf2 27.Be7 Rfe8 28.Bxd6 Rcd8
29.Bc7 Rd7 30.d6 Bg3 31.Nd5 Re6 32.Nb6 Rxc7 33.dxc7 Bxc7 34.Nxc4 Rc6 35.b3
{#r} 1-0

[Event "Ch Croatia (team) (1st league) (juniors)"]
[Site "masterchessopen.com - Sv. Filip i Jakov (Croatia)"]
[Date "2009.04.14"]
[Round "2"]
[White "Ivekovic Ivana (CRO)"]
[Black "Elez Ivan (CRO)"]
[Result "0-1"]
[WhiteElo "1924"]
[BlackElo "1939"]

1.d4 Nf6 2.c4 e6 3.g3 c5 4.d5 exd5 5.cxd5 d6 6.Bg2 g6 7.Nc3 Bg7 8.Nf3 O-O
9.O-O Re8 10.Bg5 a6 11.a4 Qb6 12.Bxf6 Bxf6 13.Qd2 Qb4 14.Rfe1 Nd7 15.a5 b6
16.axb6 Nxb6 17.Ng5 Be5 18.Reb1 Nc4 19.Qc2 Nb6 20.Nge4 Bf5 21.h3 Bd7 22.Nd2 a5
23.Ra3 c4 24.Qe4 Bxc3 {#R} 0-1

[Event "Memorial Dr. Armando Rizzoni (cat.6)"]
[Site "masterchessopen.com - Campinas (Brazil)"]
[Date "2009.05.05"]
[Round "2"]
[White "Leitao Rafael (BRA)"]
[Black "Saldano Horacio (ESP)"]
[Result "1-0"]
[WhiteElo "2610"]
[BlackElo "2433"]

1.d4 Nf6 2.c4 e6 3.Nf3 c5 4.d5 d6 5.Nc3 exd5 6.cxd5 g6 7.g3 Bg7 8.Bg2 O-O
9.O-O Re8 10.Bf4 Na6 11.Re1 Bg4 12.h3 Bxf3 13.Bxf3 Qd7 14.Kg2 b5 15.a4 b4
16.Nb5 Ne4 17.Qd3 c4 18.Qxc4 Rac8 19.Qb3 Nac5 20.Qxb4 a6 21.Nc3 Rb8 22.Qc4
Nxc3 23.bxc3 Rec8 24.Rab1 a5 25.Rxb8 Rxb8 26.e4 Nxa4 27.Ra1 Nxc3 28.Rxa5 Qd8
29.Ra6 Nb5 30.Be2 Be5 31.Be3 h5 32.Rc6 h4 33.Bb6 Qg5 34.Rc8+ {#r} 1-0

[Event "It (open)"]
[Site "masterchessopen.com - Kula (Bulgaria)"]
[Date "2009.05.10"]
[Round "6"]
[White "Tashkov Rumen (BUL)"]
[Black "Stefanov Evtim (BUL)"]
[Result "1-0"]
[WhiteElo "2236"]
[BlackElo "1928"]

1.d4 Nf6 2.c4 e6 3.g3 c5 4.d5 exd5 5.cxd5 d6 6.Nc3 g6 7.Bg2 Bg7 8.Nf3 O-O
9.O-O Na6 10.h3 Nc7 11.e4 b5 12.e5 Nfe8 13.exd6 Nxd6 14.Bg5 Bf6 15.Be3 c4
16.Nd4 Bb7 17.Nc6 Qd7 18.Bc5 Bxc3 19.bxc3 Rfe8 20.a4 Ne4 21.Qd4 Bxc6 22.dxc6
Qxc6 23.Rfe1 f5 24.axb5 Nxb5 25.Qxc4+ Kh8 26.Ra5 a6 27.Rxb5 Qxb5 28.Bd4+ Re5
29.Qxb5 axb5 30.Bxe5+ {#r} 1-0

[Event "Tournament (Elo)"]
[Site "masterchessopen.com - Stockholm (Sweden)"]
[Date "2009.05.22"]
[Round "4"]
[White "Akesson Ralf (SWE)"]
[Black "Westerberg Jonathan (SWE)"]
[Result "1-0"]
[WhiteElo "2469"]
[BlackElo "2161"]

1.d4 Nf6 2.c4 e6 3.g3 c5 4.d5 exd5 5.cxd5 d6 6.Nc3 g6 7.Bg2 Bg7 8.Nf3 O-O
9.O-O a6 10.a4 Qc7 11.Nd2 Nbd7 12.Qb3 Rb8 13.Nc4 Ne5 14.Nxe5 dxe5 15.a5 Ne8
16.Be3 Bd7 17.Ne4 c4 18.Qb4 f5 19.d6 Qc8 20.Nc5 Bb5 21.d7 Bxd7 22.Bxb7 Qc7
23.Qb6 Bb5 24.Nxa6 Bxa6 25.Bd5+ Kh8 26.Qxa6 Rxb2 27.Qxc4 Qxc4 28.Bxc4 Nc7
29.Rfb1 Rbb8 30.Rxb8 Rxb8 31.Ra4 Bf8 32.a6 Na8 33.a7 Rc8 34.Bd5 Rd8 35.Bb7 Bd6
36.Ra6 Bc7 37.Rc6 {#r} 1-0

[Event "It (open)"]
[Site "masterchessopen.com - Utrecht (Netherlands)"]
[Date "2009.06.07"]
[Round "5"]
[White "Lalic Bogdan (ENG)"]
[Black "Van Oosterom Chiel (NED)"]
[Result "1-0"]
[WhiteElo "2517"]
[BlackElo "2402"]

1.d4 Nf6 2.c4 e6 3.Nf3 c5 4.d5 exd5 5.cxd5 d6 6.Nc3 g6 7.g3 Bg7 8.Bg2 O-O
9.O-O Re8 10.h3 a6 11.a4 Ne4 12.Nxe4 Rxe4 13.Nd2 Rb4 14.Ra2 b5 15.axb5 Nd7
16.Ne4 Nb6 17.Bg5 Qf8 18.Bf4 Bf5 19.Bxd6 Qd8 20.Bxc5 Rxe4 21.Rxa6 Nd7 22.b4
Re8 23.Bd4 Nf6 24.Qa1 Rxa6 25.bxa6 Be4 26.Bxe4 Rxe4 27.a7 Re8 28.Bxf6 Bxf6
29.a8=Q Qxa8 30.Qxf6 Qxd5 31.e3 Qb3 32.Qd4 {#r} 1-0

[Event "It (open)"]
[Site "masterchessopen.com - Eforie Nord (Romania)"]
[Date "2009.06.19"]
[Round "1"]
[White "Gleizerov Evgeny (RUS)"]
[Black "Clitan Zaharia (ROM)"]
[Result "1-0"]
[WhiteElo "2538"]
[BlackElo "2047"]

1.d4 Nf6 2.c4 c5 3.d5 e6 4.Nc3 exd5 5.cxd5 d6 6.Nf3 g6 7.g3 Bg7 8.Bg2 O-O
9.O-O a6 10.a4 Nbd7 11.Bf4 Qe7 12.h3 h6 13.Qc1 Kh7 14.Rb1 Nh5 15.Bd2 Ne5
16.Nxe5 Qxe5 17.b4 c4 18.g4 Nf6 19.f4 Qe7 20.e4 Ng8 21.Re1 Qc7 22.Qc2 Bd7
23.a5 b5 24.axb6 Qxb6+ 25.Be3 Bd4 26.Bxd4 Qxd4+ 27.Kh1 Rfe8 28.e5 Rac8 29.Ne4
dxe5 30.Nc5 Nf6 31.Rbd1 Qxf4 32.Rf1 {#r} 1-0

[Event "It (open)"]
[Site "masterchessopen.com - Perugia (Italy)"]
[Date "2009.06.28"]
[Round "3"]
[White "Colabrese Cary (ITA)"]
[Black "Burani Eugenio (ITA)"]
[Result "0-1"]
[WhiteElo "1588"]
[BlackElo "1993"]

1.d4 Nf6 2.c4 c5 3.d5 e6 4.Nc3 exd5 5.cxd5 d6 6.Nf3 g6 7.g3 Bg7 8.Bg2 O-O
9.O-O a6 10.a4 b6 11.Nd2 Bb7 12.Nc4 Qc7 13.Qb3 Nbd7 14.Bf4 Ne8 15.Rad1 Rb8
16.Bh3 Bc8 17.Ne4 Ne5 18.Bxe5 Bxe5 19.Bg2 Bg7 20.Rd2 b5 21.axb5 axb5 22.Ne3
Nf6 23.Ra1 Nxe4 24.Bxe4 Re8 25.Bg2 Bh6 26.f4 c4 27.Qc3 Bg7 28.Rd4 Qb6 29.Rad1
Ba6 30.Qd2 Bxd4 31.Qxd4 Qxd4 32.Rxd4 Rxe3 33.f5 {#R} 0-1

[Event "Ch Greece (juniors) (under 14) (g)"]
[Site "masterchessopen.com - Kallithea (Greece)"]
[Date "2009.07.01"]
[Round "7"]
[White "Papathanasiou Ageliki (GRE)"]
[Black "Drakaki Anna-Maria (GRE)"]
[Result "1-0"]
[WhiteElo "1891"]
[BlackElo "1619"]

1.c4 Nf6 2.Nf3 g6 3.Nc3 Bg7 4.d4 e6 5.g3 c5 6.d5 exd5 7.cxd5 d6 8.Bg2 O-O
9.O-O Re8 10.Nd2 b6 11.Nc4 Ba6 12.Qa4 Bxc4 13.Qxc4 Nbd7 14.Bf4 Ne5 15.Qb3 Nh5
16.Bd2 a6 17.a4 Qe7 18.h3 Rab8 19.g4 Nf6 20.Bf4 Rb7 21.Bg3 b5 22.axb5 axb5
23.Qc2 b4 24.Ne4 Nxe4 25.Qxe4 Ra7 26.Rxa7 Qxa7 27.f4 f5 28.Qe3 fxg4 29.hxg4
{#r} 1-0

[Event "Ch Slovenia (qual)"]
[Site "masterchessopen.com - Otocec (Slovenia)"]
[Date "2009.07.11"]
[Round "8"]
[White "Drnovsek Nejc (SLO)"]
[Black "Kokol Peter (SLO)"]
[Result "0-1"]
[WhiteElo "2125"]
[BlackElo "2346"]

1.d4 Nf6 2.Nf3 c5 3.d5 e6 4.c4 exd5 5.cxd5 d6 6.Nc3 g6 7.g3 Bg7 8.Bg2 O-O 9.h3
Na6 10.O-O Nc7 11.a4 b6 12.e4 Nd7 13.Re1 Qe7 14.Bf4 f6 15.Nd2 Ne5 16.Bf1 Bd7
17.Be3 a6 18.f4 Nf7 19.Nf3 b5 20.axb5 axb5 21.Rxa8 Rxa8 22.e5 fxe5 23.fxe5
Nxe5 24.Nxe5 Qxe5 25.Kh2 Re8 26.Bf2 Qf5 27.Rxe8+ Bxe8 28.Kg1 b4 {#R} 0-1

[Event "Zt (w)"]
[Site "masterchessopen.com - Ho Chi Minh City (Vietnam)"]
[Date "2009.07.23"]
[Round "1"]
[White "Hoang Thi Bao Tram (VIE)"]
[Black "Vo Thi Kim Phung (VIE)"]
[Result "0-1"]
[WhiteElo "2274"]
[BlackElo "2073"]

1.d4 Nf6 2.c4 e6 3.Nc3 c5 4.d5 exd5 5.cxd5 d6 6.g3 g6 7.Bg2 Bg7 8.Nf3 O-O
9.O-O Na6 10.Nd2 Nc7 11.a4 b6 12.Re1 Rb8 13.Nc4 Ba6 14.Na3 b5 15.axb5 Bxb5
16.Naxb5 Nxb5 17.Nxb5 Rxb5 18.Rxa7 Ng4 19.e4 Qb6 20.Ra2 h5 21.h3 Ne5 22.Bf1
Rb3 23.Re3 c4 24.Rxb3 cxb3 25.Ra4 Rc8 26.Be3 Qb8 27.Bd4 Rc2 28.f4 Rd2 29.Qxd2
Nf3+ 30.Kf2 Nxd2 31.Bxg7 Kxg7 32.Bd3 Qc8 33.Ke3 Qc1 34.e5 Nc4+ 35.Kd4 Nb6
36.Ra5 Qxb2+ 37.Ke4 Qg2+ 38.Kd4 Qg1+ {#R} 0-1

[Event "It (open)"]
[Site "masterchessopen.com - Pardubice (Czech Republic)"]
[Round "8"]
[White "Jirka Jiri (CZE)"]
[Black "Djurovic Goran (CRO)"]
[Result "1-0"]
[WhiteElo "2440"]
[BlackElo "2290"]

1.d4 Nf6 2.c4 e6 3.g3 c5 4.d5 exd5 5.cxd5 d6 6.Nc3 g6 7.Bg2 Bg7 8.Nf3 O-O
9.O-O Re8 10.h3 a6 11.a4 Nbd7 12.Bf4 Qc7 13.Rc1 Nh5 14.Bd2 f5 15.b4 Qd8 16.Qb3
cxb4 17.Qxb4 Nc5 18.a5 h6 19.Rfe1 Rb8 20.Rb1 Nf6 21.Nd4 Nfe4 22.Nxe4 Nxe4
23.Bc1 Qf6 24.Bb2 Qf7 25.Rec1 Nc5 26.Qb6 Bf8 27.Nc6 Ra8 28.Rxc5 dxc5 29.Ne5
Qe7 30.Qxg6+ Bg7 {#r} 1-0

[Event "It (open)"]
[Site "masterchessopen.com - Tromsoe (Norway)"]
[Date "2009.08.01"]
[Round "2"]
[White "Mikkelsen Nikolaj (DEN)"]
[Black "Jaeger Frode Bull (NOR)"]
[Result "1-0"]
[WhiteElo "2399"]
[BlackElo "2105"]

1.d4 Nf6 2.c4 e6 3.Nf3 c5 4.d5 d6 5.Nc3 exd5 6.cxd5 g6 7.g3 Bg7 8.Bg2 O-O
9.O-O a6 10.a4 Nbd7 11.h3 Re8 12.Bf4 Qe7 13.Re1 Nh5 14.Bg5 Qf8 15.e4 h6 16.Bd2
Ne5 17.Nxe5 Bxe5 18.Kh2 Bd4 19.Be3 Bxe3 20.Rxe3 f5 21.f4 fxe4 22.Nxe4 Bd7
23.Qc2 Nf6 24.Rae1 Kh7 25.Nxf6+ Qxf6 26.b4 Rxe3 27.Rxe3 b6 28.Qe2 Rd8 29.Qxa6
cxb4 30.Qxb6 Bxa4 31.Re6 Qf8 32.Be4 Rc8 33.Qa7+ {#r} 1-0

[Event "It \"]
[Site "masterchessopen.com - St. Petersburg (Russia)"]
[Date "2009.08.11"]
[Round "1"]
[White "Atalik Ekaterina (TUR)"]
[Black "Cmilyte Viktorija (LTU)"]
[Result "1-0"]
[WhiteElo "2434"]
[BlackElo "2470"]

1.d4 Nf6 2.c4 e6 3.Nf3 c5 4.d5 d6 5.Nc3 exd5 6.cxd5 g6 7.g3 Bg7 8.Bg2 O-O
9.O-O Re8 10.a4 a6 11.Re1 Nbd7 12.e4 Qc7 13.Bf4 Ng4 14.Rc1 c4 15.Nd2 Nde5
16.h3 Nxf2 17.Kxf2 Nd3+ 18.Kg1 Nxb2 19.Qf3 Nd3 20.Kh2 Bxc3 21.Nxc4 Nxf4
22.Qxf4 Qxc4 23.Re3 Bd7 24.Rexc3 Qxa4 25.Qxd6 Rad8 26.Qf6 Qb4 27.Rc7 a5 28.Rf1
Rf8 29.h4 Qd2 30.Qe7 Rc8 31.Qxd7 Rxc7 32.Qxc7 b5 33.e5 a4 34.e6 {#r} 1-0

[Event "It (open)"]
[Site "masterchessopen.com - Stare Mesto (Czech Republic)"]
[Date "2009.08.14"]
[Round "1"]
[White "Khamitskiy Sergei (BLR)"]
[Black "Conflitti Alessandro (ITA)"]
[Result "1-0"]
[WhiteElo "2335"]
[BlackElo "1825"]

1.d4 Nf6 2.c4 e6 3.g3 c5 4.d5 exd5 5.cxd5 d6 6.Nc3 g6 7.Bg2 Bg7 8.Nf3 O-O
9.O-O Na6 10.h3 Nc7 11.a4 Bd7 12.e4 b5 13.e5 Nfe8 14.Re1 a6 15.Bg5 f6 16.e6
Nxe6 17.dxe6 Bxe6 18.Rxe6 fxg5 19.axb5 Qd7 20.Nxg5 Bd4 21.Re2 Rb8 22.Ne6 Rf6
23.Nxd4 cxd4 24.Qxd4 {#r} 1-0

[Event "Ch Tatarstan (open)"]
[Site "masterchessopen.com - Kazan (Russia)"]
[Date "2009.08.24"]
[Round "5"]
[White "Vasilov Artur (RUS)"]
[Black "Glukhov Alexandr (RUS)"]
[Result "1-0"]
[WhiteElo "2102"]
[BlackElo "2072"]

1.d4 Nf6 2.c4 c5 3.d5 e6 4.Nc3 exd5 5.cxd5 d6 6.g3 g6 7.Bg2 Bg7 8.Nf3 O-O
9.O-O Na6 10.Nd2 Nc7 11.Nc4 Ng4 12.Bf4 Ne5 13.Bxe5 dxe5 14.d6 Ne6 15.Nd5 Rb8
16.Ne7+ Kh8 17.Nxc8 Qxc8 18.Qd5 Qc6 19.Qxe6 Qxg2+ 20.Kxg2 fxe6 21.a4 Rfd8
22.e4 b6 23.f4 Kg8 24.Rad1 a6 25.Nxe5 Bxe5 26.fxe5 Kg7 27.Rf6 Re8 28.d7 Red8
29.Rxe6 Rb7 30.Red6 Kf7 31.e6+ Ke7 32.e5 Rbb8 33.Rf1 Rf8 34.Rxf8 Rxf8 35.Rc6
b5 36.axb5 axb5 37.Rc8 {#r} 1-0

[Event "It (open)"]
[Site "masterchessopen.com - Ricany (Czech Republic)"]
[Date "2009.08.24"]
[Round "4"]
[White "Kubikova Hana (CZE)"]
[Black "Urban Miroslav (CZE)"]
[Result "1-0"]
[WhiteElo "2168"]
[BlackElo "1917"]

1.d4 Nf6 2.Nf3 e6 3.c4 c5 4.d5 exd5 5.cxd5 d6 6.Nc3 g6 7.g3 Bg7 8.Bg2 O-O
9.O-O Re8 10.Bf4 a6 11.a4 b6 12.Qd2 Nh5 13.Bg5 f6 14.Be3 f5 15.Rab1 Nd7 16.Bg5
Nhf6 17.Rfc1 Rb8 18.b4 Qc7 19.Bf4 Bb7 20.Ng5 Nf8 21.a5 c4 22.axb6 Qxb6 23.Na4
Qb5 24.Nc3 Qb6 25.h3 Rbc8 26.b5 a5 27.Na4 Qd8 28.Be3 h6 29.Ne6 Nxe6 30.dxe6
Bxg2 31.Kxg2 Rxe6 32.Nb6 Rc7 33.Nxc4 d5 34.b6 Rd7 35.Nxa5 Ne4 36.Qb4 Bf8
37.Qb3 {#r} 1-0

[Event "Ch Italy (1/2 final)"]
[Site "masterchessopen.com - Arvier (Italy)"]
[Date "2009.10.02"]
[Round "7"]
[White "Rettore Ludwig (ITA)"]
[Black "Valsecchi Alessio (ITA)"]
[Result "0-1"]
[WhiteElo "2175"]
[BlackElo "2372"]

1.d4 c5 2.d5 Nf6 3.c4 e6 4.Nf3 exd5 5.cxd5 d6 6.Nc3 g6 7.g3 Bg7 8.Bg2 O-O
9.O-O Re8 10.h3 Na6 11.Nd2 Nc7 12.a4 b6 13.Nc4 Ba6 14.Qb3 Bxc4 15.Qxc4 a6
16.Bf4 Rb8 17.e4 b5 18.axb5 axb5 19.Qd3 b4 20.Nd1 Nb5 21.Ra6 Qe7 22.Ne3 Nxe4
23.Nc4 g5 24.Bc1 h6 25.h4 gxh4 26.Bf4 Bd4 27.Kh2 Nxf2 28.Qf5 Qe2 29.Rxf2 Qxf2
30.Qg4+ Bg7 31.Bxh6 Qxg3+ {#R} 0-1

[Event "Ch Europe (team) (w)"]
[Site "masterchessopen.com - Novi Sad (Serbia)"]
[Date "2009.10.23"]
[Round "2"]
[White "Kachiani-G Ketino (GER)"]
[Black "Schuurman Petra (NED)"]
[Result "1-0"]
[WhiteElo "2349"]
[BlackElo "2348"]

1.d4 Nf6 2.c4 e6 3.g3 c5 4.d5 exd5 5.cxd5 d6 6.Nc3 g6 7.Bg2 Bg7 8.Nf3 O-O
9.O-O a6 10.a4 Nbd7 11.Bf4 Qe7 12.h3 Rb8 13.Rb1 Nh5 14.Bg5 f6 15.Bd2 f5 16.Qc1
Nhf6 17.b4 cxb4 18.Rxb4 Nc5 19.Bh6 Bd7 20.Bxg7 Qxg7 21.Qa3 Rbe8 22.Ng5 Nfe4
23.Ncxe4 fxe4 24.Nxe4 Nxe4 25.Rxe4 Rxe4 26.Bxe4 Bxh3 27.Rb1 Qe5 28.Bf3 Rf7
29.Rb6 Rd7 30.Qc1 Kg7 31.Qb1 Qe7 32.Kh2 {#r} 1-0

[Event "It (open)"]
[Site "masterchessopen.com - Palma de Majorca (Spain)"]
[Date "2009.11.21"]
[Round "1"]
[White "Bellaiche Anthony (FRA)"]
[Black "Cerdo Fernandez Miguel (ESP)"]
[Result "1-0"]
[WhiteElo "2450"]
[BlackElo "1921"]

1.d4 Nf6 2.c4 c5 3.d5 e6 4.Nc3 exd5 5.cxd5 d6 6.Nf3 g6 7.g3 Bg7 8.Bg2 O-O
9.O-O Bg4 10.Nd2 Qd7 11.a4 a6 12.Nc4 Qc7 13.h3 Bc8 14.Bf4 Rd8 15.e4 Nh5 16.Bg5
Re8 17.g4 Bf6 18.Be3 Ng7 19.Bf4 Be7 20.e5 dxe5 21.d6 Qd8 22.dxe7 Qxd1 23.Raxd1
exf4 24.Nb6 {#r} 1-0

[Event "Ch Belgium (team) 2009/10"]
[Site "masterchessopen.com - Belgium"]
[Date "2009.11.29"]
[Round "5"]
[White "Mikhalevski Victor (ISR)"]
[Black "Docx Stefan (BEL)"]
[Result "1-0"]
[WhiteElo "2631"]
[BlackElo "2384"]

1.d4 Nf6 2.c4 e6 3.g3 c5 4.d5 exd5 5.cxd5 d6 6.Nc3 g6 7.Bg2 Bg7 8.Nf3 O-O
9.O-O a6 10.a4 Re8 11.Bf4 Ne4 12.Nxe4 Rxe4 13.Nd2 Rb4 14.b3 Nd7 15.Bxd6 Qf6
16.Bc7 Qxa1 17.Qxa1 Bxa1 18.Rxa1 b6 19.d6 Ra7 20.a5 bxa5 21.Bxa5 Rd4 22.Nc4
Bb7 23.Bc3 Bxg2 24.Bxd4 Bd5 25.Bc3 f6 26.Na5 Kf7 27.e4 Ba8 28.b4 Ke6 29.bxc5
Nxc5 30.Bd4 Kxd6 31.Nc4+ Kc6 32.Ra5 Nb3 33.Bxa7 Nxa5 34.Nxa5+ Kb5 35.Nb3 Bxe4
36.Nd2 {#r} 1-0

[Event "Czech League 2009/10 (2nd) (a)"]
[Site "masterchessopen.com - Czech Republic"]
[Date "2009.12.06"]
[Round "4"]
[White "Janocko Petr (CZE)"]
[Black "Kolar Jachym (CZE)"]
[Result "1-0"]
[WhiteElo "2078"]
[BlackElo "2158"]

1.d4 Nf6 2.c4 e6 3.g3 c5 4.d5 exd5 5.cxd5 d6 6.Bg2 g6 7.Nc3 Bg7 8.Nf3 O-O
9.O-O Na6 10.Bf4 Nh5 11.Bg5 Qd7 12.Rc1 b5 13.e4 b4 14.Na4 Re8 15.Re1 h6 16.Bd2
Rb8 17.b3 Nc7 18.Qc2 Nb5 19.e5 Na3 20.Qd1 dxe5 21.Nxc5 Qxd5 22.Nxe5 Qd6 23.Nc6
Bg4 24.Qxg4 Qxd2 25.Red1 Qb2 26.Nxb8 Rxb8 27.Bd5 Rb6 28.Na4 {#r} 1-0